LEADER 01237nam a2200265 u 4500 001 000000074879 003 CaOOAMICUS 005 20070226123035.0 008 021218s1991 it u000 u ita u 035 $a10949274 040 $aPUL$bita 100 1 $aPignatiello, Luigi.$0(OLS)http://pul/name/24103 245 10$aSala della comunitą sapzio e luogo per comunicare :$brilettura della "Nota pastorale" della CEI a 10 anni dalla sua approvazione /$cLuigi M. Pignatiello. 260 $a[S. l. :$bs. n.],$c1991. 300 $a61 p. ;$c24 cm 490 1 $aQuaderni di nostro cinema ;$v26 500 $aIn testa al front.: A.C.E.C. 650 4$aCinema$xEducazione.$0(OLS)http://pul/subject/14816 830 0$aQuaderni di nostro cinema ;$v26.$0(OLS)http://pul/title/71617 850 $aPUL 852 $aPUL$W1$xSL Religione 2$y84$mRH D1 22$j96484$nBK-PRI$b $qStampati altre collocazioni$B96484$CPULBib$Z2$F96484 $H $81 941 1 $a10 961 $aINV: 85838 996 $6245$aSala della comunitą sapzio e luogo per comunicare :$brilettura della "Nota pastorale" della CEI a 10 anni dalla sua approvazione$9(OLS)http://pul/title/98233 996 $6260$a[S. l. :$bs. n.]$9(OLS)http://pul/publisher/47882 LEADER 01303nam a2200313 a 4500 001 000000174447 003 CaOOAMICUS 005 20210416131646.0 008 210416s2004 enka 000 u eng r 020 $a978-0-521-12271-9* 032 $aLibriCat 040 $aPUL$bita 082 14$a126 100 1 $aRobinson, William Spencer.$0(OLS)http://pul/name/112089 245 10$aUnderstanding phenomenal consciousness / $cWilliam S. Robinson. 260 $aCambridge :$bCambridge University Press,$c©2004. 300 $axii, 264 p. :$bill. ;$c24 cm 490 1 $aCambridge studies in philosophy 504 $aBibliografia in nota a pič pagina. 650 4$aCoscienza$xFilosofia.$0(OLS)http://pul/subject/46448 830 0$aCambridge Studies in Philosophy.$0(OLS)http://pul/title/98361 850 $aPUL 852 $aPUL$W1$xSL Filosofia 3$y81$m126 ROBWI 1$j198765$qDDC 21$B203381$CPULBib$Z2$F203381 $H134906 $82 941 1 $a9 996 $6020$a978-0-521-12271-9*$9(OLS)http://pul/number/168134 996 $6082$a126$9(OLS)http://pul/classification/1787 996 $6245$aUnderstanding phenomenal consciousness / $9(OLS)http://pul/title/215722 996 $6260$aCambridge :$bCambridge University Press$9(OLS)http://pul/publisher/50125